| 000 | 01712cam a2200469 i 4500 | ||
|---|---|---|---|
| 003 | PE-LiUPU | ||
| 005 | 20250731173431.0 | ||
| 008 | 1986 sp a rb 0 spa | ||
| 020 | _a8476451253 | ||
| 035 | _a(Sirsi) i9788476451250 | ||
| 035 | _a(Sirsi) 10493 | ||
| 035 | _a(Sirsi) 10493 | ||
| 041 | _aes | ||
| 044 | _aes | ||
| 049 | _aPRUA | ||
| 082 | 0 | 4 |
_a272.1 _bB12 1 |
| 100 | 1 |
_aBackhouse, E., _eautor. |
|
| 245 |
_aHistoria de la iglesia primitiva. _nTomo 1 / _cE. Backhouse y C. Tylor ; [versión española, Francisco Albricias]. |
||
| 264 | 1 |
_aBarcelona : _bCLIE, _c1986 |
|
| 300 |
_a283 páginas : _bilustraciones ; _c20 centímetros |
||
| 504 | _aNota Bibliografica. | ||
| 505 | 0 | _aAparición del cristianismo -- Nerón persigue a los cristianos -- Domiciano y Nerón -- Trajano y Plinio -- Adriano -- Justino Mártir -- El ±Octavio¿ de Minucio Félix -- Los mártires de Lyon y de Viena -- Irenéo -- El culto en la iglesia primitiva. | |
| 526 | _aSEG42 | ||
| 526 | _aSEG41 | ||
| 526 | _aSEG40 | ||
| 526 | _aSEG39 | ||
| 526 | _aP94 | ||
| 526 | _aP87 | ||
| 526 | _aP86 | ||
| 526 | _aP85 | ||
| 526 | _aP77 | ||
| 526 | _aP76 | ||
| 526 | _aP35 | ||
| 650 | 1 | 4 |
_aIglesia _xHistoria _ySiglo I-VI |
| 700 | 1 |
_aTylor, C. _ecoautor. |
|
| 942 |
_2ddc _cBOOK |
||
| 949 |
_a272.1 B12 1 _i33830 _lCCODEBUL1 _mBUL _tLIBRO _o.STAFF. Circulación |
||
| 859 |
_q33830 _h272.1 _iB12 1 |
||
| 910 |
_aaj-sj _clch _d20080521 |
||
| 596 | _a1 | ||
| 999 |
_a272.1 B12 1 _wDEWEY _c54912 _i33830 _d54912 _e2019-6-17 _f2021-11-12 _g5 _lCCODEBUL1 _mBUL _n7 _p10.00 _q4 _r0 _sY _tBOOK _u2015-6-16 _xTEOLOGIA _PP35 _0COMPRA _o.STAFF. Colección Teología |
||
| 980 |
_81 _gALBERTO SANCHEZ Responsable de Automatización |
||